000 00282nam a2200121Ia 4500
008 190216s9999||||xx |||||||||||||| ||und||
100 _aRajaram Rao. A
245 0 _aHand Book Of English Usage
260 _bOrient Longman
_c1990
300 _a202
650 _aEnglish
942 _cBK
999 _c14202
_d14202